Abkürzungen im Song "mfg" - Fanta 4 - Statistiken

Allgemein
  • Dieses Quiz wurde 310 mal gespielt
    289 seit der letzten Aktualisierung
  • Das Durchschnittsergebnis liegt bei 16 aus 89
Antwortstatistiken
Antwort % Korrekt
MfG mit freundlichen Grüßen ... Refrain
87%
MFG mit freundlichen Grüßen ... Refrain
87%
ZDF und
70%
ARD
69%
A+O und
52%
BRD
43%
DDR und
43%
USA
42%
C&A
38%
FKK
32%
RTL und
32%
BMW
30%
FDP
29%
VFB olé olé
27%
ADAC
26%
HSV
26%
LMAA
26%
ICE und Eschede
25%
HIV und
24%
UKW
22%
FCKW is' nicht OK
21%
110 tatütata
20%
GMBH Ihr könnt mich mal
20%
H&M
19%
KKK
19%
AKW und
18%
ABC
17%
DRK
17%
VHS und
17%
AOK
16%
BKA hahaha
16%
KDW
16%
LSD und
16%
THC in
16%
USW
16%
FSK
15%
TÜV und
15%
DFB
14%
DLRG ojemine
14%
DPD
14%
THW und
14%
BSE
13%
IHK
13%
RAF
13%
TNT und
13%
WWW
13%
AEG
12%
BMX
12%
GBR
12%
KMH
12%
OCB is' was ich dreh' (yeah)
12%
PVC
12%
SOS
12%
THX
12%
XTC
12%
UPS und
11%
BTM
10%
EKG und
10%
EKZ
10%
FDJ und
10%
IRA
10%
PLZ
10%
DPA
9%
LTU
9%
NDW und Hubert K.
9%
ABS
8%
DVU
8%
SED
8%
BMG
7%
BPM und
7%
CBS und
7%
EMI
7%
FDH
7%
HNO
7%
LBS
7%
NTV
7%
UVA und
7%
UVB
7%
BWL und
6%
TM3
6%
TUI
6%
EDV
5%
FAZ
5%
RHP
5%
WKD und
5%
BSB und
4%
DAF und
4%
IBM und
3%
OMD
3%
Keine übereinstimmenden Quizze gefunden
Verteilung der Resultate
Anzahl Personen mit jedem Resultat
Perzentil nach korrekt beantworteten Fragen
Ihre Resultats-Entwicklung
Sie haben dieses Quiz seit der letzten Aktualisierung nicht gespielt